000 01035nam a22003017a 4500
001 8070
003 FISKH
005 20250820142219.0
008 250820b cb ||||| |||| 00| 0 eng d
020 _a1557091927
040 _aFISKH
_beng
_cFISKH
_dFISKH
050 _aPZ7.M455 R
082 _a394.2
100 _aMay, Robert L.
245 _aRudolph's second christmas /
_cBy Robert L.May : Illustrated by Michael Emberley
260 _aMassachusetts :
_bApplewood Books ,
_c1951.
300 _a32 unnumbered pages :
_bcolor illustrations ;
_c26 cm .
505 _aK
520 _aWhen Santa and Rudolph the Red-nosed Reindeer find a letter from two children who were forgotten the previous Christmas, Rudolph comes to their rescue and saves the day.
521 8 _a510
_bLexile estimate
521 8 _aK
_bRaz-Plus
650 _aChristmas
_vFiction
650 _aReindeer
_vFiction
650 _aSanta Claus
_vFiction
700 _aEmberley, Michael
_eIllustrator
942 _2ddc
_cBK
_n0
999 _c8070
_d8070